Propuesta de un plan municipal para el mejoramiento del sistema de abastecimiento de (Registro nro. 2689)

Detalles MARC
000 -LEADER
campo de control de longitud fija 02102nam a22003497a 4500
001 - NÚMERO DE CONTROL
campo de control 42835
003 - IDENTIFICADOR DE NÚMERO DE CONTROL
campo de control gtgccic
005 - FECHA Y HORA DE LA ÚLTIMA TRANSACCIÓN
campo de control 20260227103345.0
007 - CAMPO FIJO DE DESCRIPCIÓN FÍSICA--INFORMACIÓN GENERAL
campo de control de longitud fija ta
008 - DATOS DE LONGITUD FIJA--INFORMACIÓN GENERAL
campo de control de longitud fija 260227b gt ||||| |||| 00| 0 spa d
040 ## - FUENTE DE CATALOGACIÓN
Centro catalogador/agencia de origen gtgccic
Lengua de catalogación spa
Centro/agencia transcriptor gtgccic
Normas de descripción rda
084 ## - OTRO NÚMERO DE CLASIFICACIÓN
Número de control del registro de autoridad o número normalizado TPI-17-0133
100 10 - ENTRADA PRINCIPAL--NOMBRE DE PERSONA
Nombre de persona Julio Antonio Arreaga Solares
Fechas asociadas al nombre Ingeniero Civil
Término indicativo de función/relación autor
245 10 - MENCIÓN DEL TÍTULO
Título Propuesta de un plan municipal para el mejoramiento del sistema de abastecimiento de
Resto del título agua potable para las zonas 4, 5, y 10 del municipio de Villa Nueva, Guatemala /
Mención de responsabilidad, etc. Arreaga Solares, Julio Antonio
264 #1 - PRODUCCIÓN, PUBLICACIÓN, DISTRIBUCIÓN, FABRICACIÓN Y COPYRIGHT
Producción, publicación, distribución, fabricación y copyright Guatemala :
Nombre del de productor, editor, distribuidor, fabricante USAC, Facultad de Ingeniería ;
Fecha de producción, publicación, distribución, fabricación o copyright 2017.-
300 ## - DESCRIPCIÓN FÍSICA
Extensión 60 p. :
Otras características físicas il. ;
Dimensiones 28 cm
336 ## - TIPO DE CONTENIDO
Fuente rdacontenido
Término de tipo de contenido Texto
Código de tipo de contenido txt
337 ## - TIPO DE MEDIO
Fuente rdamedio
Nombre/término del tipo de medio sin mediación
Código del tipo de medio n
338 ## - TIPO DE SOPORTE
Fuente rdasoporte
Nombre/término del tipo de soporte volumen
Código del tipo de soporte nc
502 ## - NOTA DE TESIS
Nota de tesis Tesis Postgrado
Tipo de título MAESTRO EN ARTES EN INGENIERÍA PARA EL DESARROLLO MUNICIPAL
Nombre de la institución que otorga el título USAC, Facultad de Ingeniería, Escuela de Postgrado
Año de obtención del título 2017
Identificador de la tesis TPI-17-0133
504 ## - NOTA DE BIBLIOGRAFÍA, ETC.
Nota de bibliografía, etc. Nota Bibliografía pag. 57
505 ## - NOTA DE CONTENIDO CON FORMATO
Título 1. ANTECEDENTES
505 ## - NOTA DE CONTENIDO CON FORMATO
Título 2. PRESENTACIÓN DEL SERVICIO DE AGUA POTABLE EN GUATEMALA
505 ## - NOTA DE CONTENIDO CON FORMATO
Título 3. PRESENTACIÓN Y ANÁLISIS DE RESULTADOS
505 ## - NOTA DE CONTENIDO CON FORMATO
Título 4. PROPUESTA DEL PLAN
520 #3 - RESUMEN, ETC.
Sumario, etc. El trabajo de investigación que se presenta en este documento, se basa en el análisis de la problemática en la deficiencia en el sistema de abastecimiento de agua potable, para las zonas 4, 5 y 10 del municipio de Villa Nueva departamento de Guatemala, el cual no es contínuo no solo en horas sino en días, lo que provoca inconsistencia en el objetivo primordial de la comuna como es velar por el bien común de los habitantes del municipio y en específico de estas zonas que representan más del 25% de la población, que se encuentra insatisfecha, pues esto genera enfermedades gastrointestinales y utilización adicional de recursos económicos adicionales para el presupuesto de las familias que allí residen.
650 ## - PUNTO DE ACCESO ADICIONAL DE MATERIA--TÉRMINO DE MATERIA
Término de materia o nombre geográfico como elemento de entrada PLANIFICACIÓN RURAL
650 ## - PUNTO DE ACCESO ADICIONAL DE MATERIA--TÉRMINO DE MATERIA
Término de materia o nombre geográfico como elemento de entrada AGUA POTABLE
700 ## - ENTRADA AGREGADA--NOMBRE PERSONAL
Nombre de persona Dra. Ing. Alba Maritza Guerrero Spínola
Término indicativo de función/relación asesor
942 ## - ELEMENTOS DE ENTRADA SECUNDARIOS (KOHA)
Fuente de la clasificación o esquema de estantería Clasificación Decimal Dewey
Tipo de ítem Koha TESISPOSTGRADO
945 ## - PROCESAMIENTO DE INFORMACIÓN LOCAL (OCLC)
a amlo
Existencias
Estatus retirado Estado de pérdida Fuente de la clasificación o esquema de estantería Estado de daño No para préstamo Biblioteca de origen Biblioteca actual Fecha de adquisición Número de inventario Total de préstamos Signatura topográfica completa Código de barras Visto por última vez Precio de reemplazo Tipo de ítem Koha Nota pública
    Clasificación Decimal Dewey     CENTRO DE INFORMACIÓN A LA CONSTRUCCIÓN-CICON CENTRO DE INFORMACIÓN A LA CONSTRUCCIÓN-CICON 27/02/2026 P20170133   TPI-17-0133 20170133 27/02/2026 27/02/2026 TESISPOSTGRADO disponible